El origen de la familia, de la propiedad privada y el Estado /
محفوظ في:
| المؤلف الرئيسي: | |
|---|---|
| التنسيق: | غير معروف |
| اللغة: | Spanish |
| منشور في: |
Madrid, España:
Fundamentos,
1977
|
| الطبعة: | 2 edición |
| سلاسل: | Ciencia. Serie Clásicos
2 |
| الموضوعات: | |
| الوسوم: |
إضافة وسم
لا توجد وسوم, كن أول من يضع وسما على هذه التسجيلة!
|
MARC
| LEADER | 000000000a22000000004500 | ||
|---|---|---|---|
| 001 | 001184 | ||
| 008 | 170623s1977 sp ||||| |||| 00| 0 spa d | ||
| 020 | |a 8424500962 | ||
| 041 | 0 | |a español | |
| 082 | |a 335.4 |b E57o2 | ||
| 100 | 1 | |a Engels, Friedrich, 1820-1895 | |
| 245 | 1 | 3 | |a El origen de la familia, de la propiedad privada y el Estado / |c Friedrich Engels |
| 250 | |a 2 edición | ||
| 260 | |a Madrid, España: |b Fundamentos, |c 1977 | ||
| 300 | |a 223 páginas | ||
| 490 | 1 | |a Ciencia. Serie Clásicos |v 2 | |
| 500 | |a Número de inscripción 11016 | ||
| 650 | 4 | |a MATERIALISMO HISTORICO | |
| 942 | |2 ddc |c BK | ||
| 999 | |c 2267 |d 2267 | ||



